Loading...
| Fine Arts - Classical Music | 3 | 16.67 | 100% | 67% | 0% |
| Fine Arts - Other Fine Arts | 3 | 16.67 | 100% | 33% | 33% |
| Fine Arts - Visual Fine Arts | 2 | 15.00 | 100% | 50% | 0% |
| Geography/Current Events | 4 | 17.50 | 75% | 100% | 0% |
| History - American History | 6 | 18.33 | 83% | 50% | 50% |
| History - European History | 6 | 11.67 | 100% | 17% | 0% |
| History - Other History | 7 | 21.43 | 86% | 86% | 43% |
| History - World History | 7 | 20.00 | 100% | 100% | 0% |
| Literature - American Literature | 4 | 12.50 | 100% | 25% | 0% |
| Literature - British Literature | 5 | 18.00 | 100% | 60% | 20% |
| Literature - European Literature | 4 | 17.50 | 75% | 75% | 25% |
| Literature - World/Other Literature | 3 | 20.00 | 100% | 100% | 0% |
| Mythology | 5 | 22.00 | 100% | 100% | 20% |
| Other Academic | 1 | 20.00 | 100% | 100% | 0% |
| Philosophy | 5 | 14.00 | 100% | 40% | 0% |
| Pop Culture | 1 | 20.00 | 100% | 100% | 0% |
| Religion | 6 | 13.33 | 83% | 50% | 0% |
| Science - Biology | 3 | 10.00 | 100% | 0% | 0% |
| Science - Chemistry | 4 | 12.50 | 75% | 50% | 0% |
| Science - Other Science | 6 | 11.67 | 83% | 33% | 0% |
| Science - Physics | 7 | 15.71 | 86% | 57% | 14% |
| Social Science | 7 | 15.71 | 100% | 43% | 14% |